| 000 | 00351nam a2200121Ia 4500 | ||
|---|---|---|---|
| 008 | 220615s9999||||xx |||||||||||||| ||und|| | ||
| 245 | 0 | _aBayesian Network | |
| 546 | _aEnglish[eng] | ||
| 650 | _aProbability & statistics | ||
| 700 | _aRebai, Ahmed | ||
| 856 | _uhttps://mts.intechopen.com/storage/books/3750/authors_book/authors_book.pdf | ||
| 942 | _cEB | ||
| 999 |
_c17839 _d17839 |
||